| 000 | 01245cac a22002411u 4500 | ||
|---|---|---|---|
| 008 | 081102t1986 xxu||||| |||| 00| 0 eng d | ||
| 010 | _a85011397 | ||
| 020 | _a0521308119 | ||
| 082 | 0 | 0 |
_a001.6420151 _b NUM |
| 245 | 0 | 0 |
_aNumerical Recipes : _bThe Art of Scientific Computing / _cWilliam H. Press ... [et al.]. |
| 260 |
_aCambridge [Cambridgeshire] ; _aNew York : _bCambridge University Press, 1986 _c1986. |
||
| 300 |
_axx, 818 p. : _bill. ; _c24 cm. |
||
| 504 | _aIncludes bibliographical references p. 668-672 and index | ||
| 650 | 0 |
_aNumerical analysis _xComputer programs. _917882 |
|
| 650 | 0 |
_aScience _xMathematics _xComputer programs. _917883 |
|
| 650 | 0 |
_aFORTRAN (Computer program language) _917884 |
|
| 650 | 0 |
_aPascal (Computer program language) _917885 |
|
| 700 | 1 |
_aPress, William H. _917886 |
|
| 856 | 4 | 2 |
_3Publisher description _uhttp://www.loc.gov/catdir/description/cam031/85011397.html |
| 942 |
_cBB _k001.6420151 NUM _2ddc |
||
| 999 |
_c3472 _d3472 |
||